Znane imiona #5 - Statystyki

Ogólne statystyki
  • Ten quiz został rozwiązany 1 304 razy
  • Średni wynik to 7 z 14
Statystyki odpowiedzi
Imię Nazwy rodzinne % Poprawnych
Mikołaj Kopernik, Rej, Roznerski
98%
Kim Dzong Un, Kardashian, Clijsters
92%
Barbara Krafftówna, Brylska, Kurdej-Szatan
90%
Julian Assange, Tuwim, Stryjkowski
83%
Arnold Schwarzenegger, Mendelssohn
78%
Olga Bończyk, Kalicka, Bołądź, Tokarczuk
73%
Patricia Kaas, Arquette, Kazadi
48%
Édith Piaf, Cresson, Stein, Wharton
38%
Claude Debussy, Monet, Lévi-Strauss
31%
Nina Simone, Andrycz, Ricci, Hagen
26%
Johannes Kepler, Gutenberg, Brahms
22%
Zuzanna Bijoch, Janin, Jabłońska, Ginczanka
17%
Wanda Półtawska, Wasilewska, Sykes
13%
Helmut Lotti, Kohl, Lang, Nadolski
12%
Nie znaleziono quizów pasujących do podanych kryteriów
Rozkład punktacji
Procent ludzi z każdym wynikiem
Percentyl według liczby udzielonych odpowiedzi
Twoja historia wyników
Nie rozwiązałeś tego quizu